Để Được Trọng Dụng & Đãi Ngộ

Bewaard in:
Bibliografische gegevens
Hoofdauteur: Brian Tracy
Formaat: Boek
Taal:Vietnamese
Gepubliceerd in: TH.HCM 2014
Tags: Voeg label toe
Geen labels, Wees de eerste die dit record labelt!
Thư viện lưu trữ: Mạng thư viện Đại học Đà Nẵng
LEADER 00620nam a2200277 4500
001 000025516
003 109
005 20150204120000.0
008 150204s vm 000 vie
020 |c 30000,0000 
040 |a D1 
100 |a Brian Tracy 
245 |a Để Được Trọng Dụng & Đãi Ngộ 
260 |b TH.HCM  |c 2014 
300 |a 111tr. ; 
OWN |a LTT 
999 |a From the UDN01 
TYP |a Monograph 
TYP |a Printed language 
980 |a Mạng thư viện Đại học Đà Nẵng